<?xml version="1.0" encoding="UTF-8"?>
<record
    xmlns:xsi="http://www.w3.org/2001/XMLSchema-instance"
    xsi:schemaLocation="http://www.loc.gov/MARC21/slim http://www.loc.gov/standards/marcxml/schema/MARC21slim.xsd"
    xmlns="http://www.loc.gov/MARC21/slim">

  <leader>03395nam a22004097a 4500</leader>
  <controlfield tag="005">2010080309319.0</controlfield>
  <datafield tag="010" ind1=" " ind2=" ">
    <subfield code="a">ENG-97842         B-425006-018</subfield>
  </datafield>
  <datafield tag="020" ind1=" " ind2=" ">
    <subfield code="a">9789380388229</subfield>
    <subfield code="c">1095.00</subfield>
  </datafield>
  <datafield tag="035" ind1=" " ind2=" ">
    <subfield code="a">EN-81375</subfield>
  </datafield>
  <datafield tag="035" ind1=" " ind2=" ">
    <subfield code="a">B-425006-018</subfield>
  </datafield>
  <datafield tag="037" ind1=" " ind2=" ">
    <subfield code="b">DBAD/PUB</subfield>
  </datafield>
  <datafield tag="037" ind1=" " ind2=" ">
    <subfield code="b">Researchco Book Centre</subfield>
  </datafield>
  <datafield tag="082" ind1=" " ind2=" ">
    <subfield code="a">370</subfield>
  </datafield>
  <datafield tag="100" ind1=" " ind2=" ">
    <subfield code="a">Bansal, Vinod Kumar</subfield>
    <subfield code="9">31992</subfield>
  </datafield>
  <datafield tag="245" ind1=" " ind2=" ">
    <subfield code="a">Challenges in higher education in 21st century /</subfield>
    <subfield code="c">by Vinod Kumar Bansal</subfield>
  </datafield>
  <datafield tag="260" ind1=" " ind2=" ">
    <subfield code="a">New Delhi</subfield>
    <subfield code="b">DPS Publishing House</subfield>
    <subfield code="c">2011</subfield>
  </datafield>
  <datafield tag="270" ind1=" " ind2=" ">
    <subfield code="a">Room. No. 213, 7/28, Mahavir Street, Ansari Road, Darya Ganj</subfield>
    <subfield code="b">New Delhi</subfield>
    <subfield code="e">110002</subfield>
  </datafield>
  <datafield tag="300" ind1=" " ind2=" ">
    <subfield code="a">296p.</subfield>
    <subfield code="c">22cm (Hb)</subfield>
  </datafield>
  <datafield tag="500" ind1=" " ind2=" ">
    <subfield code="a">Includes bibliographical references and index</subfield>
  </datafield>
  <datafield tag="650" ind1=" " ind2=" ">
    <subfield code="a">Higher education</subfield>
    <subfield code="z">India</subfield>
    <subfield code="9">31993</subfield>
  </datafield>
  <datafield tag="942" ind1=" " ind2=" ">
    <subfield code="2">ddc</subfield>
    <subfield code="c">EN</subfield>
    <subfield code="h">370</subfield>
    <subfield code="m">BAN</subfield>
  </datafield>
  <datafield tag="999" ind1=" " ind2=" ">
    <subfield code="c">38924</subfield>
    <subfield code="d">38924</subfield>
  </datafield>
  <datafield tag="952" ind1=" " ind2=" ">
    <subfield code="0">0</subfield>
    <subfield code="1">0</subfield>
    <subfield code="4">0</subfield>
    <subfield code="7">1</subfield>
    <subfield code="8">NFIC</subfield>
    <subfield code="a">DBAD</subfield>
    <subfield code="b">DBAD</subfield>
    <subfield code="d">2010-08-03</subfield>
    <subfield code="e">DBAD/PUB</subfield>
    <subfield code="g">1095.00</subfield>
    <subfield code="l">0</subfield>
    <subfield code="o">370 BAN</subfield>
    <subfield code="p">EN-81375</subfield>
    <subfield code="r">2010-08-03 00:00:00</subfield>
    <subfield code="t">1</subfield>
    <subfield code="v">1095.00</subfield>
    <subfield code="w">2010-08-03</subfield>
    <subfield code="y">EN</subfield>
  </datafield>
  <datafield tag="952" ind1=" " ind2=" ">
    <subfield code="0">0</subfield>
    <subfield code="1">0</subfield>
    <subfield code="4">0</subfield>
    <subfield code="7">0</subfield>
    <subfield code="8">NFIC</subfield>
    <subfield code="a">L</subfield>
    <subfield code="b">L</subfield>
    <subfield code="d">2011-08-09</subfield>
    <subfield code="e">Researchco Book Centre/RBC-22386/2011-12/14.3.11/76/4.3.11/23.3.11</subfield>
    <subfield code="g">1095.00</subfield>
    <subfield code="l">2</subfield>
    <subfield code="m">1</subfield>
    <subfield code="o">370 BAN</subfield>
    <subfield code="p">B-425006</subfield>
    <subfield code="r">2019-09-22 00:00:00</subfield>
    <subfield code="s">2019-09-08</subfield>
    <subfield code="t">1</subfield>
    <subfield code="v">1095.00</subfield>
    <subfield code="y">EN</subfield>
  </datafield>
  <datafield tag="952" ind1=" " ind2=" ">
    <subfield code="0">0</subfield>
    <subfield code="1">0</subfield>
    <subfield code="4">0</subfield>
    <subfield code="7">1</subfield>
    <subfield code="8">REF</subfield>
    <subfield code="a">M</subfield>
    <subfield code="b">M</subfield>
    <subfield code="d">2011-08-09</subfield>
    <subfield code="e">Researchco Book Centre/RBC-22386/2011-12/14.3.11/76/4.3.11/23.3.11</subfield>
    <subfield code="g">1095.00</subfield>
    <subfield code="l">0</subfield>
    <subfield code="o">370 BAN</subfield>
    <subfield code="p">B-425007</subfield>
    <subfield code="r">2011-08-09 00:00:00</subfield>
    <subfield code="t">5</subfield>
    <subfield code="v">1095.00</subfield>
    <subfield code="w">2011-08-09</subfield>
    <subfield code="y">EN</subfield>
  </datafield>
  <datafield tag="952" ind1=" " ind2=" ">
    <subfield code="0">0</subfield>
    <subfield code="1">0</subfield>
    <subfield code="4">0</subfield>
    <subfield code="7">1</subfield>
    <subfield code="8">REF</subfield>
    <subfield code="a">M</subfield>
    <subfield code="b">M</subfield>
    <subfield code="d">2011-08-09</subfield>
    <subfield code="e">Researchco Book Centre/RBC-22386/2011-12/14.3.11/76/4.3.11/23.3.11</subfield>
    <subfield code="g">1095.00</subfield>
    <subfield code="l">0</subfield>
    <subfield code="o">370 BAN</subfield>
    <subfield code="p">B-425008</subfield>
    <subfield code="r">2011-08-09 00:00:00</subfield>
    <subfield code="t">5</subfield>
    <subfield code="v">1095.00</subfield>
    <subfield code="w">2011-08-09</subfield>
    <subfield code="y">EN</subfield>
  </datafield>
  <datafield tag="952" ind1=" " ind2=" ">
    <subfield code="0">0</subfield>
    <subfield code="1">0</subfield>
    <subfield code="4">0</subfield>
    <subfield code="7">1</subfield>
    <subfield code="8">REF</subfield>
    <subfield code="a">M</subfield>
    <subfield code="b">M</subfield>
    <subfield code="d">2011-08-09</subfield>
    <subfield code="e">Researchco Book Centre/RBC-22386/2011-12/14.3.11/76/4.3.11/23.3.11</subfield>
    <subfield code="g">1095.00</subfield>
    <subfield code="l">0</subfield>
    <subfield code="o">370 BAN</subfield>
    <subfield code="p">B-425009</subfield>
    <subfield code="r">2011-08-09 00:00:00</subfield>
    <subfield code="t">5</subfield>
    <subfield code="v">1095.00</subfield>
    <subfield code="w">2011-08-09</subfield>
    <subfield code="y">EN</subfield>
  </datafield>
  <datafield tag="952" ind1=" " ind2=" ">
    <subfield code="0">0</subfield>
    <subfield code="1">0</subfield>
    <subfield code="4">0</subfield>
    <subfield code="7">1</subfield>
    <subfield code="8">REF</subfield>
    <subfield code="a">M</subfield>
    <subfield code="b">M</subfield>
    <subfield code="d">2011-08-09</subfield>
    <subfield code="e">Researchco Book Centre/RBC-22386/2011-12/14.3.11/76/4.3.11/23.3.11</subfield>
    <subfield code="g">1095.00</subfield>
    <subfield code="l">0</subfield>
    <subfield code="o">370 BAN</subfield>
    <subfield code="p">B-425010</subfield>
    <subfield code="r">2011-08-09 00:00:00</subfield>
    <subfield code="t">5</subfield>
    <subfield code="v">1095.00</subfield>
    <subfield code="w">2011-08-09</subfield>
    <subfield code="y">EN</subfield>
  </datafield>
  <datafield tag="952" ind1=" " ind2=" ">
    <subfield code="0">0</subfield>
    <subfield code="1">0</subfield>
    <subfield code="4">0</subfield>
    <subfield code="7">1</subfield>
    <subfield code="8">REF</subfield>
    <subfield code="a">M</subfield>
    <subfield code="b">M</subfield>
    <subfield code="d">2011-08-09</subfield>
    <subfield code="e">Researchco Book Centre/RBC-22386/2011-12/14.3.11/76/4.3.11/23.3.11</subfield>
    <subfield code="g">1095.00</subfield>
    <subfield code="l">0</subfield>
    <subfield code="o">370 BAN</subfield>
    <subfield code="p">B-425011</subfield>
    <subfield code="r">2011-08-09 00:00:00</subfield>
    <subfield code="t">5</subfield>
    <subfield code="v">1095.00</subfield>
    <subfield code="w">2011-08-09</subfield>
    <subfield code="y">EN</subfield>
  </datafield>
  <datafield tag="952" ind1=" " ind2=" ">
    <subfield code="0">0</subfield>
    <subfield code="1">0</subfield>
    <subfield code="4">0</subfield>
    <subfield code="7">1</subfield>
    <subfield code="8">REF</subfield>
    <subfield code="a">BL1</subfield>
    <subfield code="b">BL1</subfield>
    <subfield code="d">2011-08-09</subfield>
    <subfield code="e">Researchco Book Centre/RBC-22386/2011-12/14.3.11/76/4.3.11/23.3.11</subfield>
    <subfield code="g">1095.00</subfield>
    <subfield code="l">0</subfield>
    <subfield code="o">370 BAN</subfield>
    <subfield code="p">B-425012</subfield>
    <subfield code="r">2011-08-09 00:00:00</subfield>
    <subfield code="t">1</subfield>
    <subfield code="v">1095.00</subfield>
    <subfield code="w">2011-08-09</subfield>
    <subfield code="y">EN</subfield>
  </datafield>
  <datafield tag="952" ind1=" " ind2=" ">
    <subfield code="0">0</subfield>
    <subfield code="1">0</subfield>
    <subfield code="4">0</subfield>
    <subfield code="7">1</subfield>
    <subfield code="8">REF</subfield>
    <subfield code="a">ZLS</subfield>
    <subfield code="b">ZLS</subfield>
    <subfield code="d">2011-08-09</subfield>
    <subfield code="e">Researchco Book Centre/RBC-22386/2011-12/14.3.11/76/4.3.11/23.3.11</subfield>
    <subfield code="g">1095.00</subfield>
    <subfield code="l">0</subfield>
    <subfield code="o">370 BAN</subfield>
    <subfield code="p">B-425013</subfield>
    <subfield code="r">2011-08-09 00:00:00</subfield>
    <subfield code="t">1</subfield>
    <subfield code="v">1095.00</subfield>
    <subfield code="w">2011-08-09</subfield>
    <subfield code="y">EN</subfield>
  </datafield>
  <datafield tag="952" ind1=" " ind2=" ">
    <subfield code="0">0</subfield>
    <subfield code="1">0</subfield>
    <subfield code="4">0</subfield>
    <subfield code="7">1</subfield>
    <subfield code="8">REF</subfield>
    <subfield code="a">BL3</subfield>
    <subfield code="b">BL3</subfield>
    <subfield code="d">2011-08-09</subfield>
    <subfield code="e">Researchco Book Centre/RBC-22386/2011-12/14.3.11/76/4.3.11/23.3.11</subfield>
    <subfield code="g">1095.00</subfield>
    <subfield code="l">0</subfield>
    <subfield code="o">370 BAN</subfield>
    <subfield code="p">B-425014</subfield>
    <subfield code="r">2011-08-09 00:00:00</subfield>
    <subfield code="t">1</subfield>
    <subfield code="v">1095.00</subfield>
    <subfield code="w">2011-08-09</subfield>
    <subfield code="y">EN</subfield>
  </datafield>
  <datafield tag="952" ind1=" " ind2=" ">
    <subfield code="0">0</subfield>
    <subfield code="1">0</subfield>
    <subfield code="4">0</subfield>
    <subfield code="7">1</subfield>
    <subfield code="8">REF</subfield>
    <subfield code="a">BL4</subfield>
    <subfield code="b">BL4</subfield>
    <subfield code="d">2011-08-09</subfield>
    <subfield code="e">Researchco Book Centre/RBC-22386/2011-12/14.3.11/76/4.3.11/23.3.11</subfield>
    <subfield code="g">1095.00</subfield>
    <subfield code="l">0</subfield>
    <subfield code="o">370 BAN</subfield>
    <subfield code="p">B-425015</subfield>
    <subfield code="r">2011-08-09 00:00:00</subfield>
    <subfield code="t">1</subfield>
    <subfield code="v">1095.00</subfield>
    <subfield code="w">2011-08-09</subfield>
    <subfield code="y">EN</subfield>
  </datafield>
  <datafield tag="952" ind1=" " ind2=" ">
    <subfield code="0">0</subfield>
    <subfield code="1">0</subfield>
    <subfield code="4">0</subfield>
    <subfield code="7">1</subfield>
    <subfield code="8">REF</subfield>
    <subfield code="a">YV</subfield>
    <subfield code="b">YV</subfield>
    <subfield code="d">2011-08-09</subfield>
    <subfield code="e">Researchco Book Centre/RBC-22386/2011-12/14.3.11/76/4.3.11/23.3.11</subfield>
    <subfield code="g">1095.00</subfield>
    <subfield code="l">0</subfield>
    <subfield code="o">370 BAN</subfield>
    <subfield code="p">B-425016</subfield>
    <subfield code="r">2011-08-09 00:00:00</subfield>
    <subfield code="t">1</subfield>
    <subfield code="v">1095.00</subfield>
    <subfield code="w">2011-08-09</subfield>
    <subfield code="y">EN</subfield>
  </datafield>
  <datafield tag="952" ind1=" " ind2=" ">
    <subfield code="0">0</subfield>
    <subfield code="1">0</subfield>
    <subfield code="4">0</subfield>
    <subfield code="7">1</subfield>
    <subfield code="8">REF</subfield>
    <subfield code="a">RC4</subfield>
    <subfield code="b">RC4</subfield>
    <subfield code="d">2011-08-09</subfield>
    <subfield code="e">Researchco Book Centre/RBC-22386/2011-12/14.3.11/76/4.3.11/23.3.11</subfield>
    <subfield code="g">1095.00</subfield>
    <subfield code="l">0</subfield>
    <subfield code="o">370 BAN</subfield>
    <subfield code="p">B-425017</subfield>
    <subfield code="r">2011-08-09 00:00:00</subfield>
    <subfield code="t">2</subfield>
    <subfield code="v">1095.00</subfield>
    <subfield code="w">2011-08-09</subfield>
    <subfield code="y">EN</subfield>
  </datafield>
  <datafield tag="952" ind1=" " ind2=" ">
    <subfield code="0">0</subfield>
    <subfield code="1">0</subfield>
    <subfield code="4">0</subfield>
    <subfield code="7">1</subfield>
    <subfield code="8">REF</subfield>
    <subfield code="a">RC4</subfield>
    <subfield code="b">RC4</subfield>
    <subfield code="d">2011-08-09</subfield>
    <subfield code="e">Researchco Book Centre/RBC-22386/2011-12/14.3.11/76/4.3.11/23.3.11</subfield>
    <subfield code="g">1095.00</subfield>
    <subfield code="l">0</subfield>
    <subfield code="o">370 BAN</subfield>
    <subfield code="p">B-425018</subfield>
    <subfield code="r">2011-08-09 00:00:00</subfield>
    <subfield code="t">2</subfield>
    <subfield code="v">1095.00</subfield>
    <subfield code="w">2011-08-09</subfield>
    <subfield code="y">EN</subfield>
  </datafield>
</record>
